000 01592cab a2200277 4500
001 L129941
008 050607n2005 000 0 eng u
035 _a(Sirsi) u129941
041 _aeng
100 _aOshidar, Shiraz
245 _aSurveying the expert witness domain
260 _c2005
490 _aNew Law Journal
_v155(7177) 20 May 2005, 779-781(2)
520 _aDiscusses best practice relating to chartered surveyors being called as expert witnesses. Points out that any surveyor giving expert evidence to a judicial body in the UK is required to comply with the RICS Practice Statement, "Surveyors acting as Expert Witnesses" and application of this document extends to a range of judicial and quasi-judicial bodies beyond the High, Crown and magistrates courts such as leasehold valuation tribunals. Advises that a party seeking the relevant expert should make careful enquiries of short-listed surveyors to verify the full details of their RICS qualifications.
590 _aIKA070605
650 _aCALA HOMES (SOUTH) LTD V ALFRED MCALPINE HOMES EAST LTD
650 _aPHILLIPS AND ANOTHER V SYMES AND ANOTHER
650 _aMULTIMEDIA PRODUCTIONS LTD V SOS ENVIRONMENT
650 _aFIELD V LEEDS CC
650 _aLIVERPOOL ROMAN CATHOLIC ARCHDIOCESAN TRUST V GOLDBERG (NO 3)
650 _aADMIRAL MANAGEMENT SERVICES V PARA PROTECT EUROPE
650 _aALEX SMOLEN V SOLON CO-OPERATIVE HOUSING
690 _aMANAGEMENT-DISPUTE AVOIDANCE, MANAGEMENT AND RESOLUTION-DISPUTE MANAGEMENT AND RESOLUTION-EXPERT WITNESSES
700 _aBevans, Geoff
942 _n0
999 _c75358
_d75358